|
|
|
|
| LEADER |
02036nam a2200493 a 4500 |
| 001 |
nkc20092006734 |
| 003 |
CZ PrNK |
| 005 |
20111007093630.0 |
| 007 |
ta |
| 008 |
091016s2009 xr ac e 000 1acze |
| 015 |
|
|
|a cnb002006734
|
| 020 |
|
|
|a 978-80-86983-70-7
|q (váz.)
|
| 035 |
|
|
|a (OCoLC)551384117
|
| 040 |
|
|
|a OLA001
|b cze
|d ABA001
|
| 043 |
|
|
|a e-xr---
|
| 045 |
|
|
|a x2y0
|
| 072 |
|
7 |
|a 82
|x Literatura. Literární život
|2 Konspekt
|9 11
|
| 072 |
|
7 |
|a 929
|x Biografie
|2 Konspekt
|9 8
|
| 080 |
|
|
|a 929
|2 MRF
|
| 080 |
|
|
|a 82-192-055.2
|2 MRF
|
| 080 |
|
|
|a 316.72/.75
|2 MRF
|
| 080 |
|
|
|a (437.3)
|2 MRF
|
| 080 |
|
|
|a (0:82-94)
|2 MRF
|
| 100 |
1 |
|
|a Fikejzová, Jiřina,
|d 1927-2020
|7 jk01031114
|4 aut
|
| 245 |
1 |
0 |
|a Povolání textařka-- --v důchodu? /
|c Jiřina Fikejzová
|
| 260 |
|
|
|a V Řitce :
|b Daranus,
|c 2009
|
| 300 |
|
|
|a 310 s. :
|b il., portréty ;
|c 22 cm
|
| 505 |
0 |
|
|a I. díl. Povolání textařka-- : příběhy napsané v letech 1996-1999 -- II. díl. --v důchodu? : příběhy napsané od září 2008 do dubna 2009
|
| 600 |
1 |
7 |
|a Fikejzová, Jiřina,
|d 1927-2020
|7 jk01031114
|2 czenas
|
| 648 |
|
4 |
|a 1927-2008
|
| 648 |
|
7 |
|a 20.-21. století
|7 ch462155
|2 czenas
|
| 650 |
0 |
7 |
|a textařky
|7 ph561684
|z Česko
|y 20.-21. století
|2 czenas
|
| 650 |
0 |
7 |
|a kultura a společnost
|7 ph122010
|z Česko
|y 20.-21. století
|2 czenas
|
| 650 |
0 |
9 |
|a women lyricists
|z Czechia
|y 20th-21st centuries
|2 eczenas
|
| 650 |
0 |
9 |
|a culture and society
|z Czechia
|y 20th-21st centuries
|2 eczenas
|
| 655 |
|
7 |
|a autobiografické vzpomínky
|7 fd131854
|2 czenas
|
| 655 |
|
9 |
|a autobiographical reminiscences
|2 eczenas
|
| 856 |
4 |
1 |
|u http://www.digitalniknihovna.cz/mzk/uuid/uuid:1757f330-811e-11e5-ac67-005056827e51
|y Digitalizovaný dokument
|x NDK
|
| 910 |
2 |
|
|a BOA001
|b 2-1235.872
|
| 990 |
|
|
|a BK
|
| 995 |
|
|
|a 01
|
| 991 |
|
|
|b 201002
|c NOV
|
| 996 |
6 |
|
|b 2610409814
|c 2-1235.872
|l MZK
|r Sklad / do 1 hodiny
|n 1
|p p.v.
|w 001105899
|u 000010
|a 1
|e BOA001
|j MZK50
|s P
|
| 996 |
7 |
|
|b 2610581012
|c 2-1235.872
|l MZK
|r Sklad / do 1 hodiny
|n 7
|p dar
|w 001105899
|u 000020
|a 1
|e BOA001
|j MZK50
|s A
|